00515 2200205 4500001002100000005001500021008004100036020002200077035001900099041000700118082001400125090001600139100003800155245001900193250000900212260002800221300001800249500001000267650003200277INLIS00000000000550520241224113119241224||||||||| | ||| |||| || |  a978-979-066-368-8 0010-1224005505 aid0 a741:05:00 a741.5 LES A0 aLES\'COPAQUE PRODUCTION SDN. BHD.00aSAYANG KAK ROS aED.1 bMizan Media Utamac2010 a36 HLM,;24 CM aCET 1 0aKESENIAN,HIBURAN & OLAHRAGA